[Event "Memorial Claude Pecault"]
[Site "Taormina ITA"]
[Date "2003.11.15"]
[Round "1"]
[White "Estremera Panos, Sergio"]
[Black "Ortega, Lexy"]
[Result "1/2-1/2"]
[WhiteElo "2350"]
[BlackElo "2462"]
[PlyCount "24"]
[EventDate "2003.11.15"]

1. d4 e6 2. c4 c5 3. d5 exd5 4. cxd5 d6 5. Nf3 a6 6. e4 g6 7. Bf4 Bg7 8. Nbd2
Nf6 9. Qa4+ Bd7 10. Qb3 Bc8 11. Qa4+ Bd7 12. Qb3 Bc8 1/2-1/2

[Event "Memorial Claude Pecault"]
[Site "Taormina ITA"]
[Date "2003.11.15"]
[Round "1"]
[White "Godena, Michele"]
[Black "Movsziszian, Karen"]
[Result "0-1"]
[WhiteElo "2523"]
[BlackElo "2475"]
[PlyCount "122"]
[EventDate "2003.11.15"]

1. e4 g6 2. d4 Bg7 3. c3 d6 4. Nf3 Nf6 5. Bd3 O-O 6. O-O c5 7. h3 Nc6 8. d5 Na5
9. Re1 Qc7 10. Na3 b6 11. Bf4 a6 12. Qd2 Nd7 13. Rad1 Ne5 14. Be2 Rd8 15. Bh6
Nxf3+ 16. Bxf3 e5 17. dxe6 Bxe6 18. Bxg7 Kxg7 19. Bg4 b5 20. Bxe6 fxe6 21. Re3
Rd7 22. Rf3 Nc6 23. Qf4 Re8 24. Rfd3 Red8 25. Qg3 Ne5 26. R3d2 Qc6 27. f3 a5
28. f4 Nf7 29. f5 Qxe4 30. fxe6 Qxe6 31. Nxb5 Qxa2 32. Kh1 Qe6 33. Rd5 h6 34.
c4 Qf6 35. Nc3 Ng5 36. h4 Ne6 37. Ne4 Qf4 38. Qxf4 Nxf4 39. Rxd6 Rxd6 40. Rxd6
Rxd6 41. Nxd6 Nd3 42. Ne4 Nxb2 43. Nxc5 Nxc4 44. Kg1 Kf6 45. Kf2 Kf5 46. Kf3
Ne5+ 47. Kg3 Nc6 48. Na4 Nd4 49. Nc3 Ne6 50. Kf3 Nc5 51. g4+ Ke5 52. Ke3 a4 53.
Nb5 Nd7 54. Kf3 Nb6 55. Ke3 Nc4+ 56. Kd3 Nd6 57. Nc7 Kf4 58. g5 h5 59. Ne6+ Kg4
60. Nf8 Kxh4 61. Nxg6+ Kxg5 0-1

[Event "Memorial Claude Pecault"]
[Site "Taormina ITA"]
[Date "2003.11.15"]
[Round "1"]
[White "Ljubisavljevic, Zivojin Z."]
[Black "Isonzo, David"]
[Result "1/2-1/2"]
[WhiteElo "2316"]
[BlackElo "2349"]
[PlyCount "36"]
[EventDate "2003.11.15"]

1. d4 Nf6 2. Nf3 g6 3. Bg5 Bg7 4. Nbd2 O-O 5. c3 d6 6. e4 d5 7. e5 Ne4 8. Nxe4
dxe4 9. Nd2 c5 10. Nxe4 cxd4 11. cxd4 Nc6 12. Be3 Qa5+ 13. Qd2 Qxd2+ 14. Nxd2
Rd8 15. Nb3 Be6 16. Bb5 Nb4 17. O-O a6 18. Be2 Nc2 1/2-1/2

[Event "Memorial Claude Pecault"]
[Site "Taormina ITA"]
[Date "2003.11.16"]
[Round "2"]
[White "Godena, Michele"]
[Black "Ljubisavljevic, Zivojin Z."]
[Result "1-0"]
[WhiteElo "2523"]
[BlackElo "2316"]
[PlyCount "83"]
[EventDate "2003.11.15"]

1. e4 c5 2. Nf3 d6 3. Bc4 Nc6 4. c3 e6 5. Qe2 Nf6 6. Bb3 d5 7. e5 Nd7 8. d4 Be7
9. O-O g5 10. dxc5 Nxc5 11. Bc2 b6 12. b4 Nd7 13. Ba4 Bb7 14. Bxc6 Bxc6 15. Nd4
Bb7 16. f4 Qc7 17. Nb5 Qb8 18. Qh5 Nf8 19. N1a3 a6 20. Nd4 Qc7 21. fxg5 Ng6 22.
Bd2 Qxe5 23. Rae1 Qg7 24. Nac2 O-O-O 25. Ne3 Rd7 26. Ng4 Rc7 27. Nf6 Kb8 28.
Rf2 Bd6 29. Ref1 Be5 30. Qe2 Ka7 31. b5 Rc4 32. Nc6+ Bxc6 33. bxc6 Bxf6 34.
Rxf6 Rf8 35. Qf2 Ne5 36. Bf4 Ng4 37. Bb8+ Rxb8 38. Rxf7+ Ka8 39. Rxg7 Nxf2 40.
Rxf2 Rxc6 41. Rff7 Rd8 42. Ra7+ 1-0

[Event "Memorial Claude Pecault"]
[Site "Taormina ITA"]
[Date "2003.11.16"]
[Round "2"]
[White "Movsziszian, Karen"]
[Black "Tomescu, Vlad"]
[Result "1/2-1/2"]
[WhiteElo "2475"]
[BlackElo "2447"]
[PlyCount "26"]
[EventDate "2003.11.15"]

1. g3 e5 2. Bg2 Nc6 3. c4 Nf6 4. Nc3 Bc5 5. d3 d6 6. Nf3 h6 7. O-O a6 8. a3 O-O
9. b4 Ba7 10. Bb2 Be6 11. Rc1 Qd7 12. e3 Bg4 13. Qc2 Rac8 1/2-1/2

[Event "Memorial Claude Pecault"]
[Site "Taormina ITA"]
[Date "2003.11.17"]
[Round "3"]
[White "Estremera Panos, Sergio"]
[Black "Godena, Michele"]
[Result "0-1"]
[WhiteElo "2350"]
[BlackElo "2523"]
[PlyCount "94"]
[EventDate "2003.11.15"]

1. d4 d5 2. c4 e6 3. Nf3 Nf6 4. Nc3 c6 5. Bg5 Nbd7 6. e3 Qa5 7. cxd5 exd5 8.
Bd3 Ne4 9. O-O Nxg5 10. Nxg5 Nf6 11. h3 Bb4 12. Qc2 h6 13. Nf3 O-O 14. Ne5 Be6
15. Na4 Rae8 16. a3 Bd6 17. f4 Ne4 18. b4 Qd8 19. Nc5 Bxc5 20. Bxe4 Bd6 21.
Bh7+ Kh8 22. Bd3 Bc8 23. Rf3 a5 24. bxa5 Qxa5 25. a4 c5 26. Bb5 Re7 27. dxc5
Bxe5 28. fxe5 Rxe5 29. c6 d4 30. Qb2 bxc6 31. exd4 Re1+ 32. Rxe1 Qxe1+ 33. Bf1
Be6 34. Kh2 Ra8 35. Qf2 Qxf2 36. Rxf2 Rxa4 37. Rd2 Kg8 38. Be2 Bd5 39. Rb2 Rxd4
40. Bg4 g6 41. Kg3 h5 42. Be2 h4+ 43. Kf2 Kg7 44. Ke3 Re4+ 45. Kf2 Rf4+ 46. Ke3
Ra4 47. Rd2 Bxg2 0-1

[Event "Memorial Claude Pecault"]
[Site "Taormina ITA"]
[Date "2003.11.17"]
[Round "3"]
[White "Ljubisavljevic, Zivojin Z."]
[Black "Movsziszian, Karen"]
[Result "1-0"]
[WhiteElo "2316"]
[BlackElo "2475"]
[PlyCount "117"]
[EventDate "2003.11.15"]

1. e4 g6 2. d4 Bg7 3. c3 d6 4. f4 Nf6 5. e5 dxe5 6. fxe5 Nd5 7. Nf3 O-O 8. Bc4
c6 9. O-O f6 10. exf6 exf6 11. Re1 Kh8 12. Bb3 Na6 13. Nbd2 b6 14. Nf1 Nac7 15.
Bd2 Be6 16. c4 Ne7 17. Bf4 Bf7 18. Ne3 Qd7 19. Bxc7 Qxc7 20. c5 Rad8 21. Bxf7
Rxf7 22. Qb3 Rff8 23. Nc4 Nc8 24. Re6 b5 25. Na3 Ne7 26. Rae1 Nd5 27. Nc2 a5
28. a4 Rb8 29. g3 bxa4 30. Qxa4 Rxb2 31. Ne3 Nb4 32. Nc4 Ra2 33. Qb3 Qb8 34.
Nd6 a4 35. Qb1 a3 36. Re8 Rxe8 37. Rxe8+ Qxe8 38. Nxe8 Rb2 39. Qa1 Nc2 40. Qc1
Nb4 41. Ne1 Re2 42. Qxa3 Rxe1+ 43. Kg2 Re2+ 44. Kh3 Rxe8 45. Qxb4 f5 46. Qa4
Rg8 47. Qxc6 Bxd4 48. Qd6 Bxc5 49. Qxc5 Re8 50. Qd6 Kg8 51. Kh4 Kf7 52. Qd5+
Kf6 53. Qd4+ Re5 54. Qd6+ Re6 55. Qf8+ Ke5 56. Qg7+ Ke4 57. Qxh7 Kf3 58. Kg5
Kg2 59. Qc7 1-0

[Event "Memorial Claude Pecault"]
[Site "Taormina ITA"]
[Date "2003.11.17"]
[Round "3"]
[White "Tomescu, Vlad"]
[Black "Aldrovandi, Costantino"]
[Result "1-0"]
[WhiteElo "2447"]
[BlackElo "2414"]
[PlyCount "89"]
[EventDate "2003.11.15"]

1. d4 Nf6 2. c4 g6 3. Nc3 Bg7 4. e4 d6 5. f3 O-O 6. Be3 Nbd7 7. Nge2 c5 8. Qd2
Qa5 9. dxc5 dxc5 10. Nc1 Rd8 11. Nb3 Qc7 12. Nb5 Qb6 13. O-O-O Rf8 14. Be2 a6
15. Nc3 Qc7 16. g4 b5 17. g5 Ne8 18. Nd5 Qe5 19. Na5 Qd6 20. Nc6 Kh8 21. Ndxe7
Qc7 22. Nxc8 Rxc8 23. Qxd7 Qxc6 24. Qxc6 Rxc6 25. cxb5 axb5 26. Rd5 c4 27. Rhd1
Nc7 28. Rd8 Ne6 29. Rxf8+ Bxf8 30. Rd5 b4 31. f4 Bc5 32. Bxc5 Nxc5 33. Rd4 b3
34. a3 c3 35. bxc3 Ne6 36. Rc4 Rd6 37. Rb4 Nxf4 38. Bc4 Nd3+ 39. Bxd3 Rxd3 40.
Kb2 Rh3 41. a4 Rxh2+ 42. Kxb3 h5 43. a5 Rd2 44. a6 Rd7 45. Rb7 1-0

[Event "Memorial Claude Pecault"]
[Site "Taormina ITA"]
[Date "2003.11.18"]
[Round "4"]
[White "Isonzo, David"]
[Black "Calzetta Ruiz, Monica"]
[Result "1/2-1/2"]
[WhiteElo "2349"]
[BlackElo "2274"]
[PlyCount "33"]
[EventDate "2003.11.15"]

1. Nf3 c5 2. c4 g6 3. d4 cxd4 4. Nxd4 Nc6 5. e4 Nf6 6. Nc3 d6 7. f3 Nxd4 8.
Qxd4 Bg7 9. Be3 O-O 10. Qd2 Be6 11. Rc1 Qa5 12. b3 Rfc8 13. Be2 Nd7 14. Nd5
Qxd2+ 15. Kxd2 Bxd5 16. exd5 a5 17. Rc2 1/2-1/2

[Event "Memorial Claude Pecault"]
[Site "Taormina ITA"]
[Date "2003.11.18"]
[Round "4"]
[White "Movsziszian, Karen"]
[Black "Aldrovandi, Costantino"]
[Result "1-0"]
[WhiteElo "2475"]
[BlackElo "2414"]
[PlyCount "121"]
[EventDate "2003.11.15"]

1. d4 Nf6 2. c4 g6 3. Nc3 Bg7 4. e4 d6 5. f4 O-O 6. Nf3 c5 7. dxc5 Qa5 8. Bd3
Qxc5 9. Qe2 Bg4 10. Be3 Qa5 11. O-O Nc6 12. Rac1 Rfe8 13. Qf2 Bxf3 14. gxf3 Nh5
15. Kh1 e6 16. Rfd1 Bh6 17. Qd2 Qd8 18. Rg1 Qf6 19. Rg4 Ne5 20. Rf1 Nc6 21. Bc2
Red8 22. b3 Bg7 23. Ne2 Qb2 24. Bb1 Qf6 25. f5 Qb2 26. Qxb2 Bxb2 27. fxe6 fxe6
28. f4 Bg7 29. Rg2 Bh6 30. Ng3 Nxg3+ 31. hxg3 d5 32. cxd5 exd5 33. exd5 Rxd5
34. Be4 Rh5+ 35. Rh2 Rxh2+ 36. Kxh2 Re8 37. Bd5+ Kh8 38. Re1 Bg7 39. Bf2 Rxe1
40. Bxe1 Bb2 41. g4 Kg7 42. Kg2 h6 43. a4 Kf6 44. b4 a6 45. b5 axb5 46. Bxc6
bxc6 47. a5 b4 48. Bxb4 Bd4 49. Bd6 Ke6 50. Be5 Ba7 51. Bc7 h5 52. gxh5 gxh5
53. Bb6 Bb8 54. a6 Kd5 55. Kf3 c5 56. a7 Bxa7 57. Bxa7 c4 58. Be3 c3 59. Bc1 c2
60. Kg3 Ke4 61. Kh4 1-0

[Event "Memorial Claude Pecault"]
[Site "Taormina ITA"]
[Date "2003.11.19"]
[Round "5"]
[White "Aldrovandi, Costantino"]
[Black "Ortega, Lexy"]
[Result "0-1"]
[WhiteElo "2414"]
[BlackElo "2462"]
[PlyCount "102"]
[EventDate "2003.11.15"]

1. c4 c6 2. g3 d5 3. Bg2 dxc4 4. Na3 e5 5. Nxc4 f6 6. d3 Be6 7. Qc2 Bb4+ 8. Nd2
Nh6 9. Ngf3 Nf5 10. O-O Be7 11. Nb3 Na6 12. e4 Bxb3 13. Qxb3 Nc5 14. Qc4 Nd4
15. Nxd4 Qxd4 16. Qxd4 exd4 17. Rd1 a5 18. h4 Kf7 19. Bh3 Rhd8 20. Kf1 a4 21.
Ke2 Ra5 22. Bf4 Rb5 23. Rab1 Ra8 24. Rdc1 Ra6 25. Rc4 a3 26. b3 Rxb3 27. axb3
a2 28. Rcc1 axb1=Q 29. Rxb1 Ra2+ 30. Bd2 Na6 31. Ke1 Bb4 32. Rd1 Rxd2 33. Rxd2
Nc5 34. Kd1 Bxd2 35. Kxd2 Nxb3+ 36. Kc2 Nc5 37. Bf1 Ke6 38. Kb2 b5 39. Ka3 Kd6
40. f4 Na4 41. g4 h6 42. Bg2 c5 43. Bf1 Nc3 44. Kb3 Nd1 45. Be2 Ne3 46. Bf3 c4+
47. dxc4 bxc4+ 48. Kb2 c3+ 49. Kb3 c2 50. Kb2 d3 51. Kc1 Kc5 0-1

[Event "Memorial Claude Pecault"]
[Site "Taormina ITA"]
[Date "2003.11.19"]
[Round "5"]
[White "Calzetta Ruiz, Monica"]
[Black "Godena, Michele"]
[Result "0-1"]
[WhiteElo "2274"]
[BlackElo "2523"]
[PlyCount "72"]
[EventDate "2003.11.15"]

1. e4 e5 2. Nf3 Nc6 3. Bb5 a6 4. Ba4 Nf6 5. Qe2 b5 6. Bb3 Bc5 7. d3 Bb7 8. c3
h6 9. Be3 Bxe3 10. fxe3 d6 11. O-O O-O 12. Nbd2 Na5 13. Bc2 c5 14. h3 Rc8 15.
Rf2 Rc7 16. Raf1 Nh7 17. Nh2 Bc8 18. Ng4 Be6 19. a3 Qg5 20. Bd1 h5 21. Nf3 Bxg4
22. hxg4 Qxg4 23. Qe1 Qe6 24. Nh4 g6 25. Rf3 Nc6 26. Rg3 Nf6 27. Nxg6 fxg6 28.
Rxg6+ Rg7 29. Qg3 Qe7 30. Bb3+ c4 31. dxc4 Na5 32. Bc2 bxc4 33. Qg5 Rxg6 34.
Qxg6+ Qg7 35. Qf5 Qg4 36. Qf2 Nh7 0-1

[Event "Memorial Claude Pecault"]
[Site "Taormina ITA"]
[Date "2003.11.19"]
[Round "5"]
[White "Tomescu, Vlad"]
[Black "Isonzo, David"]
[Result "1-0"]
[WhiteElo "2447"]
[BlackElo "2349"]
[PlyCount "82"]
[EventDate "2003.11.15"]

1. e4 c5 2. Nf3 Nc6 3. d4 cxd4 4. Nxd4 Nf6 5. Nc3 e5 6. Ndb5 d6 7. a4 a6 8. Na3
Bg4 9. f3 Be6 10. Bc4 Rc8 11. Bg5 Be7 12. Bxf6 Bxf6 13. Nd5 O-O 14. c3 Bg5 15.
Qe2 Ne7 16. Rd1 Kh8 17. O-O Qa5 18. Kh1 Bxd5 19. Bxd5 Nxd5 20. Rxd5 Qxa4 21.
Rxd6 Be7 22. Rd5 Bxa3 23. Ra1 Qc6 24. Rxa3 f6 25. Ra1 Rfd8 26. Rad1 Rxd5 27.
Rxd5 h6 28. Qd2 Qb6 29. h3 Kh7 30. Kh2 Rc7 31. Rd8 Qe6 32. h4 Qf7 33. Kg3 Qg6+
34. Kf2 f5 35. exf5 Qxf5 36. Qd3 Qxd3 37. Rxd3 Kg6 38. g4 Kf6 39. Rd6+ Ke7 40.
Rb6 Kd7 41. Ke3 Kd8 1-0

[Event "Memorial Claude Pecault"]
[Site "Taormina ITA"]
[Date "2003.11.20"]
[Round "6"]
[White "Ljubisavljevic, Zivojin Z."]
[Black "Calzetta Ruiz, Monica"]
[Result "1-0"]
[WhiteElo "2316"]
[BlackElo "2274"]
[PlyCount "103"]
[EventDate "2003.11.15"]

1. Nf3 c5 2. c4 g6 3. e3 Bg7 4. Nc3 Nf6 5. d4 O-O 6. d5 e6 7. e4 exd5 8. exd5
d6 9. Be2 Bg4 10. O-O Re8 11. h3 Bxf3 12. Bxf3 Nbd7 13. Bf4 Ne5 14. Be2 Nfd7
15. Rc1 f5 16. Bd2 a6 17. f4 Nf7 18. Kh2 Nf6 19. Bf3 Rb8 20. h4 Nh6 21. g3 Qd7
22. Qc2 Re7 23. Rce1 Rbe8 24. Rxe7 Rxe7 25. Re1 Rxe1 26. Bxe1 Qe7 27. Bf2 Kf7
28. Kg2 Kf8 29. Kf1 Kf7 30. Qe2 Qxe2+ 31. Kxe2 Nhg8 32. Kd3 h5 33. b3 Ke7 34.
a4 Kd7 35. Na2 Kc7 36. b4 b6 37. a5 Kb7 38. axb6 Kxb6 39. Nc3 Nd7 40. Na4+ Kc7
41. bxc5 dxc5 42. Nxc5 Nxc5+ 43. Bxc5 a5 44. Bd1 Nf6 45. Bd4 Kd6 46. Bf3 Ke7
47. c5 Kf7 48. d6 Ne4 49. d7 Ke7 50. Bxg7 Nxc5+ 51. Kc4 Nxd7 52. Bd4 1-0

[Event "Memorial Claude Pecault"]
[Site "Taormina ITA"]
[Date "2003.11.21"]
[Round "7"]
[White "Aldrovandi, Costantino"]
[Black "Godena, Michele"]
[Result "1/2-1/2"]
[WhiteElo "2414"]
[BlackElo "2523"]
[PlyCount "26"]
[EventDate "2003.11.15"]

1. c4 e6 2. g3 d5 3. Bg2 Nf6 4. Nf3 dxc4 5. Qa4+ c6 6. Qxc4 b5 7. Qc2 Bb7 8.
O-O Nbd7 9. b3 c5 10. Bb2 Be7 11. d3 O-O 12. Nbd2 Nd5 13. Ne4 Qb6 1/2-1/2

[Event "Memorial Claude Pecault"]
[Site "Taormina ITA"]
[Date "2003.11.21"]
[Round "7"]
[White "Calzetta Ruiz, Monica"]
[Black "Estremera Panos, Sergio"]
[Result "1/2-1/2"]
[WhiteElo "2274"]
[BlackElo "2350"]
[PlyCount "25"]
[EventDate "2003.11.15"]

1. e4 e5 2. Nf3 Nf6 3. Nxe5 d6 4. Nf3 Nxe4 5. Qe2 Qe7 6. d3 Nf6 7. Bg5 Qxe2+ 8.
Bxe2 Be7 9. Nc3 c6 10. O-O-O Na6 11. Rhe1 Nc7 12. Ne4 Nxe4 13. g3 1/2-1/2

[Event "Memorial Claude Pecault"]
[Site "Taormina ITA"]
[Date "2003.11.21"]
[Round "7"]
[White "Ortega, Lexy"]
[Black "Isonzo, David"]
[Result "1-0"]
[WhiteElo "2462"]
[BlackElo "2349"]
[PlyCount "60"]
[EventDate "2003.11.15"]

1. d4 Nf6 2. c4 g6 3. g3 Bg7 4. Bg2 d6 5. Nc3 O-O 6. Nf3 Nc6 7. O-O e5 8. d5
Ne7 9. e4 Nd7 10. Ne1 f5 11. Nd3 Nf6 12. Bg5 h6 13. Bxf6 Bxf6 14. f4 exf4 15.
Nxf4 Be5 16. Qd2 Kh7 17. Rf2 c6 18. Raf1 Rf6 19. exf5 Bxf5 20. Ne4 Bxe4 21.
Bxe4 cxd5 22. cxd5 Bxf4 23. Rxf4 Qb6+ 24. Kg2 Rxf4 25. Rxf4 Rg8 26. Rh4 h5 27.
Rxh5+ Kg7 28. Qc3+ Kf8 29. Qf6+ Ke8 30. Rh7 Qc7 1-0

[Event "Memorial Claude Pecault"]
[Site "Taormina ITA"]
[Date "2003.11.21"]
[Round "7"]
[White "Tomescu, Vlad"]
[Black "Ljubisavljevic, Zivojin Z."]
[Result "1-0"]
[WhiteElo "2447"]
[BlackElo "2316"]
[PlyCount "93"]
[EventDate "2003.11.15"]

1. e4 c6 2. d4 d5 3. e5 Bf5 4. Ne2 e6 5. Ng3 Bg6 6. h4 h6 7. h5 Bh7 8. Bd3 Bxd3
9. cxd3 Qb6 10. Be3 Qxb2 11. Nd2 Qb6 12. O-O Nd7 13. Rb1 Qa6 14. Rb3 c5 15.
dxc5 Nxe5 16. Qc2 Nf6 17. Rfb1 Be7 18. Qc3 Ned7 19. Rxb7 Qc6 20. Nf3 O-O 21. d4
Ne4 22. Qb4 Nxg3 23. fxg3 Bd8 24. Qb5 Qxb5 25. R1xb5 Nf6 26. Bf4 a6 27. Rb3 Rc8
28. Bd6 Re8 29. Ne5 Ne4 30. Nxf7 Bf6 31. Be5 Rf8 32. Bxf6 Nxf6 33. Nd6 Rcd8 34.
Re7 Kh7 35. Rbb7 Rg8 36. Rxe6 Nxh5 37. c6 Nxg3 38. c7 Rdf8 39. Rb1 h5 40. Rc1
Rc8 41. Kh2 Ne4 42. Nxe4 dxe4 43. d5 Rgf8 44. d6 Rf7 45. Re7 Rxe7 46. dxe7 Kg6
47. e8=Q+ 1-0

[Event "Memorial Claude Pecault"]
[Site "Taormina ITA"]
[Date "2003.11.22"]
[Round "8"]
[White "Estremera Panos, Sergio"]
[Black "Tomescu, Vlad"]
[Result "1/2-1/2"]
[WhiteElo "2350"]
[BlackElo "2447"]
[PlyCount "29"]
[EventDate "2003.11.15"]

1. d4 d5 2. c4 e6 3. Nc3 Nf6 4. Bg5 Be7 5. e3 c6 6. Nf3 Nbd7 7. Rc1 O-O 8. Bd3
b6 9. O-O Bb7 10. Qe2 Qe8 11. a3 dxc4 12. Bxc4 Nd5 13. Bxe7 Qxe7 14. Nxd5 exd5
15. Ba6 1/2-1/2

[Event "Memorial Claude Pecault"]
[Site "Taormina ITA"]
[Date "2003.11.22"]
[Round "8"]
[White "Godena, Michele"]
[Black "Ortega, Lexy"]
[Result "1-0"]
[WhiteElo "2523"]
[BlackElo "2462"]
[PlyCount "37"]
[EventDate "2003.11.15"]

1. e4 c5 2. Nf3 d6 3. Bb5+ Nd7 4. d4 Ngf6 5. O-O cxd4 6. Qxd4 e5 7. Qd3 h6 8.
c4 Be7 9. c5 Qc7 10. cxd6 Bxd6 11. Nh4 g6 12. Nc3 Kf8 13. Rd1 Be7 14. Qg3 Nh5
15. Nxg6+ Kg7 16. Nd5 Qd6 17. Qa3 Qxd5 18. Rxd5 Bxa3 19. Nxh8 1-0

[Event "Memorial Claude Pecault"]
[Site "Taormina ITA"]
[Date "2003.11.22"]
[Round "8"]
[White "Movsziszian, Karen"]
[Black "Isonzo, David"]
[Result "1/2-1/2"]
[WhiteElo "2475"]
[BlackElo "2349"]
[PlyCount "112"]
[EventDate "2003.11.15"]

1. e4 c5 2. d3 Nc6 3. g3 g6 4. Bg2 Bg7 5. f4 d6 6. Nf3 Nf6 7. O-O O-O 8. h3 Rb8
9. g4 b5 10. f5 c4 11. Be3 cxd3 12. cxd3 b4 13. Nbd2 Ba6 14. Nb3 Nd7 15. Rf2
Nc5 16. Rc1 Nxd3 17. Rxc6 Nxf2 18. Bxf2 Bb7 19. Nfd4 a5 20. Rc2 a4 21. Nd2 d5
22. e5 Bxe5 23. N2f3 Bg7 24. Re2 Ra8 25. Qe1 b3 26. axb3 axb3 27. Rxe7 Re8 28.
Rxe8+ Qxe8 29. Qb4 Ba6 30. Qxb3 Bc4 31. Qd1 Ra2 32. b3 Qa8 33. Ne1 Ra1 34. Qd2
Ba6 35. Ndc2 Rb1 36. Bxd5 Qe8 37. fxg6 hxg6 38. Kg2 Qd7 39. Nf3 Bf1+ 40. Kh2
Rb2 41. Ng5 Bh6 42. Bxf7+ Qxf7 43. Qd8+ Qf8 44. Qd5+ Kh8 45. Bd4+ Bg7 46. Nf7+
Kg8 47. Bxb2 Bxb2 48. Ne3 Ba6 49. Ne5+ Kh7 50. Kg2 Qg7 51. Nf3 Bb7 52. Qe6 Qc7
53. Nd5 Qc2+ 54. Kg3 Bg7 55. Nf6+ Bxf6 56. Qxf6 Qxb3 1/2-1/2

[Event "Memorial Claude Pecault"]
[Site "Taormina ITA"]
[Date "2003.11.23"]
[Round "9"]
[White "Ortega, Lexy"]
[Black "Ljubisavljevic, Zivojin Z."]
[Result "1-0"]
[WhiteElo "2462"]
[BlackElo "2316"]
[PlyCount "59"]
[EventDate "2003.11.15"]

1. d4 Nf6 2. c4 e6 3. Nc3 Bb4 4. e3 c5 5. Bd3 d5 6. cxd5 exd5 7. a3 Bxc3+ 8.
bxc3 c4 9. Bc2 O-O 10. Ne2 Nc6 11. f3 Re8 12. O-O Bd7 13. Ng3 h5 14. Re1 h4 15.
Nf5 Bxf5 16. Bxf5 Ne7 17. Bb1 h3 18. e4 dxe4 19. fxe4 Qd7 20. e5 Nfd5 21. Qf3
hxg2 22. Ra2 a5 23. Rxg2 Ra6 24. Bg5 b5 25. Rf1 Qe6 26. Be4 b4 27. Bxe7 Nxe7
28. d5 Qb6+ 29. Kh1 Rf8 30. d6 1-0